| 000 | 00556nam a2200145Ia 4500 | ||
|---|---|---|---|
| 008 | 190925s9999 xx 000 0 und d | ||
| 020 | _a978-0-19-966864-9 | ||
| 100 | _aBryman, Alan | ||
| 245 |
_cAlan Bryman and Emma Bell.-- _aBusiness research methods / |
||
| 250 | _a4th ed. | ||
| 260 |
_aCambridge, United Kingdom ; New York, NY, United States of America : _bOxford University Press _c2015 |
||
| 300 |
_a720 pages : _bcolored texts and graphs |
||
| 500 | _aIncludes glossary, references, and index. | ||
| 650 | _a Business -- Research -- Methodology. | ||
| 999 |
_c362214 _d362214 |
||